[Event "GER-chT U14 Girls"]
[Site "Regensburg"]
[Date "2014.12.28"]
[Round "3.3"]
[White "Neumann, Anna Alicia"]
[Black "Hauner, Sara Marie"]
[Result "1-0"]
[WhiteElo "1115"]
[BlackElo "756"]
[PlyCount "34"]
[EventDate "2014.12.27"]
[EventType "team-swiss"]
[EventRounds "7"]
[EventCountry "GER"]
[SourceTitle "EXT 2016"]
[Source "ChessBase"]
[SourceDate "2015.10.08"]
[SourceVersion "1"]
[SourceVersionDate "2015.10.08"]
[SourceQuality "1"]
[WhiteTeam "Guetersloh"]
[BlackTeam "Regensburg Bavaria"]
[WhiteTeamCountry "GER"]
[BlackTeamCountry "GER"]

1. d4 d5 2. Nc3 Nf6 3. Bg5 Nc6 4. f3 Bf5 5. g4 Bg6 6. Bxf6 exf6 7. e4 dxe4 8. fxe4 Qd7 9. Bb5 Bb4 10. d5 0-0 11. dxc6 bxc6 12. Qxd7 cxb5 13. Qxb5 Bxc3+ 14. bxc3 Bxe4 15. Nf3 Bxf3 16. Rg1 a6 17. Qd3 Rfe8+ 1-0